Loading...
| Current Events | 1 | 10.00 | 100% | 0% | 0% |
| Fine Arts - Classical Music | 9 | 26.67 | 100% | 100% | 67% |
| Fine Arts - Other Fine Arts | 8 | 17.50 | 88% | 63% | 25% |
| Fine Arts - Painting and Sculpture | 9 | 18.89 | 100% | 78% | 11% |
| Geography | 3 | 16.67 | 100% | 67% | 0% |
| History - American History | 7 | 11.43 | 100% | 14% | 0% |
| History - European History | 9 | 24.44 | 100% | 100% | 44% |
| History - Other History | 9 | 13.33 | 100% | 22% | 11% |
| History - World History | 8 | 22.50 | 100% | 88% | 38% |
| Literature - American Literature | 9 | 22.22 | 100% | 67% | 56% |
| Literature - British Literature | 8 | 25.00 | 100% | 88% | 63% |
| Literature - European Literature | 11 | 25.45 | 100% | 91% | 64% |
| Literature - World Literature | 11 | 19.09 | 100% | 73% | 18% |
| Mythology | 9 | 21.11 | 89% | 78% | 44% |
| Other Academic | 1 | 20.00 | 100% | 100% | 0% |
| Philosophy | 9 | 22.22 | 100% | 78% | 44% |
| Pop Culture | 3 | 16.67 | 67% | 67% | 33% |
| Religion | 7 | 17.14 | 86% | 57% | 29% |
| Science - Biology | 9 | 18.89 | 100% | 78% | 11% |
| Science - Chemistry | 10 | 21.00 | 90% | 80% | 40% |
| Science - Other Science | 9 | 22.22 | 100% | 78% | 44% |
| Science - Physics | 7 | 24.29 | 100% | 100% | 43% |
| Social Science | 6 | 18.33 | 100% | 50% | 33% |